000 00420nam a2200157Ia 4500
008 230917s9999||||xx |||||||||||||| ||und||
040 _e79551
_aMAIN
041 _aEnglish
082 _a346.022 S64I
100 _aSinghal
245 0 _aIndian contract act 3v, v1: Section 1 to 36, v3:Section 124 to end
250 _a2nd ed.
260 _aAllahabad
_bLaw Book
_c1981
300 _axxviii, 1770-2388 p.
942 _cBK
999 _c203008
_d203008